000 01006cam a22003257a 4500
003 CHAP
005 20220329140622.0
008 971013s1971 r 00010 d
010 _a54839
011 _a55811
035 _a59964
040 _cCHAP
082 _a636.08
_bW55i 1971
100 0 0 _aWilliamson, G.
_9122119
245 1 3 _aAn introduction to animal husbandry int he tropics
250 _a(2 ed.)
260 _aLondon :
_bLongman,
_c(1971)
300 _a447 p.
_b: ilus. ; láms.
490 0 _aTropical agriculture series
590 _aBATCH-UPD
_b10
_c20130110
_lUCH01
_h0458
590 _aBATCH-UPD
_b10
_c20130410
_lUCH01
_h0135
590 _aBATCH-UPD
_b10
_c20130914
_lUCH01
_h1459
590 _aCONVERSION
_b10
_c20130109
_lUCH01
_h1330
650 1 4 _aGanadería
_xTrópicos.
_944856
700 0 _aPayne, W.J.A.
_986332
830 0 _aTropical agriculture series
_9115305
901 _aBK
942 _cLIBRO
949 _a636.08 W55i 1971
_bBC
_cLIBRO
_d33724000269411
_eLIBRO
_h40011
_i59964
_si
999 _c54839
_d54839